| 000 | 00389pam a2200145a 44500 | ||
|---|---|---|---|
| 008 | 230405s2017 xxu||||| |||| 00| 0 eng d | ||
| 041 | _aENG | ||
| 100 | _aRANADE N R | ||
| 245 | _aSTUDENTS MODERN DICTIONARY (MANATHI) | ||
| 250 | _aED.13, 220 Ed. | ||
| 260 |
_aBOMBAY _bJ D DHOALE _c2017 |
||
| 300 | _a1077p. | ||
| 440 | _aUNIVERSAL BOOK STOLL, PUNE,B-141, DT-16/09/2003 | ||
| 906 | _a474 | ||
| 999 |
_c289352 _d289352 |
||